000 00897nam a22002417a 4500
999 _c63592
_d63592
005 20240530110649.0
008 171210s2016 ua g 000 0 ara d
017 _a2016/4238
_bمصر. دار الكتب
020 _a9789773375560
040 _aEG-CaGPL
_cEG-CaGPL
082 0 4 _221
_a346.02\
_bع ع
100 0 _aعبدالله جبريل حسين .
245 1 0 _aعقود ادارة المشتريات /
_cعبدالله جبريل حسين
250 _aط.1
260 _aالقاهرة :
_bمركز الخبرات المهنية للادارة (ببميك) ،
_c2016 .
300 _a73 ص. ؛
_c28 سم .
650 0 7 _2qrmak
_aالعقود
650 0 7 _2qrmak
_aبراءات الاختراع
650 0 7 _2qrmak
_aالقانون التجارى
650 0 7 _2qrmak
_aالمناقصات و المزايدات
942 _2ddc
_cBK